Top 5 Songs On Starboy (The Weeknd) - Statistics

General Stats
  • This quiz has been taken 21 times
  • The average score is 4 of 5
Answer Stats
Hint Answer % Correct
2,310,199,133 Starboy
100%
1,366,679,927 Die For You
81%
1,452,163,326 I Feel It Coming
81%
556,973,337 Party Monster
63%
522,063,718 Reminder
63%
No matching quizzes found
Score Distribution
Percent of People with Each Score
Percentile by Number Answered
Your Score History
You have not taken this quiz